Normal view
MARC view
Entry Topical Term
001 - CONTROL NUMBER
- control field: 51107
003 - CONTROL NUMBER IDENTIFIER
- control field: ARRUPE
005 - DATE AND TIME OF LATEST TRANSACTION
- control field: 20220401092636.0
008 - FIXED-LENGTH DATA ELEMENTS
- fixed length control field: 220401|| aca||aabn | a|a d
040 ## - CATALOGING SOURCE
- Original cataloging agency: ARRUPE
- Transcribing agency: ARRUPE
150 ## - HEADING--TOPICAL TERM
- Topical term or geographic name as entry element: Conditionals (Logic)
670 ## - SOURCE DATA FOUND
- Source citation: Work cat.: (ARRUPE)131190: Bennett, Jonathan, 1930- 51106, A philosophical guide to conditionals /, 2003.